| 000 | 00489nam a22001937a 4500 | ||
|---|---|---|---|
| 003 | LK-CoDNM | ||
| 005 | 20250102112908.0 | ||
| 008 | 250102b |||||||| |||| 00| 0 eng d | ||
| 040 |
_aLK-CoDNM _dLK-CoDNM _eLK-CoDNM |
||
| 041 | _aeng | ||
| 080 |
_a3 _bO21 |
||
| 100 | _aClaude Morley, F.Z.S., F.E.S. | ||
| 245 | _aA revision of the Ichneumonidae | ||
| 260 |
_aLondon _bThe trustees _c1913 |
||
| 300 | _bxi, 140p. : ill ; 24 cm | ||
| 650 | _aScience | ||
| 650 | _a1913 | ||
| 942 | _cBK | ||
| 999 |
_c234574 _d234574 |
||